[Event "Madrid-ch Previa-A"]
[Site "Madrid"]
[Date "2012.02.08"]
[Round "3"]
[White "Corredor Gonzalez, Angel L"]
[Black "Valilla Romero, Luis"]
[Result "1-0"]
[WhiteElo "1751"]
[BlackElo "1777"]
[PlyCount "49"]
[EventDate "2012.02.06"]
[EventType "swiss"]
[EventRounds "9"]
[EventCountry "ESP"]
[SourceTitle "CBM 147 Extra"]
[Source "ChessBase"]
[SourceDate "2012.04.24"]
[SourceVersion "1"]
[SourceVersionDate "2012.04.24"]
[SourceQuality "1"]

1. e4 e5 2. Nf3 Nc6 3. Bb5 d6 4. d4 exd4 5. Nxd4 Bd7 6. Nc3 Nge7 7. 0-0 g6 8. Bg5 Bg7 9. Nde2 0-0 10. Rb1 Qc8 11. f4 f5 12. Bc4+ Be6 13. Nd5 Rf7 14. Ng3 Na5 15. Nxe7+ Rxe7 16. Bxe6+ Rxe6 17. exf5 gxf5 18. Nxf5 Nc6 19. Nxg7 Kxg7 20. f5 Re4 21. Qd3 Qe8 22. f6+ Kf7 23. Qh3 Qg8 24. Qd7+ Kf8 25. Bh6+ 1-0